000
00325nam a2200133Ia 4500
005
20260328101507.0
008
260328s9999||||xx |||||||||||||| ||und||
100
_a
Tillet, Jules
245
0
_a
De quelle époque est ce monument? /
_c
Jules Tillet
260
_b
Hachette
300
_a
103 p.
650
_a
HISTORIA
942
_c
BK
999
_c
9071
_d
9071